Normal view MARC view

Entry Topical Term

Number of records used in: 1

001 - CONTROL NUMBER

  • control field: 46416

003 - CONTROL NUMBER IDENTIFIER

  • control field:

005 - DATE AND TIME OF LATEST TRANSACTION

  • control field: 20240425144213.0

008 - FIXED-LENGTH DATA ELEMENTS

  • fixed length control field: 240425|| aca||aabn | a|a d

040 ## - CATALOGING SOURCE

  • Original cataloging agency:
  • Transcribing agency:

150 ## - HEADING--TOPICAL TERM

  • Topical term or geographic name entry element: Spain
  • Form subdivision: History
  • General subdivision: Bourbons, 1700

670 ## - SOURCE DATA FOUND

  • Source citation: Work cat.: ()25041: HERR, Richard aut 46414, The eighteenth century revolution in Spain /, 1958

National Library of Nigeria OPAC is powered by Koha